[Event "Titled Tuesday intern op 27th Feb Late"]
[Site "Chess.com INT"]
[Date "2024.02.27"]
[Round "5"]
[White "Castillo Pena, Patricia Evarista"]
[Black "Helmer, Jan"]
[Result "1/2-1/2"]
[WhiteElo "1786"]
[BlackElo "2212"]
[PlyCount "82"]
[EventDate "2024.02.27"]
[EventType "swiss (blitz)"]
[EventRounds "11"]
[EventCountry "USA"]
[SourceTitle "CB10_2024"]
[SourceDate "2024.03.06"]
[SourceVersion "1"]
[SourceVersionDate "2024.03.06"]
[SourceQuality "1"]

1. d4 d5 2. Nf3 Nf6 3. e3 c6 4. Bd3 Bg4 5. c4 e6 6. Nbd2 Nbd7 7. 0-0 Be7 8. Qc2 0-0 9. b3 Bh5 10. Bb2 Bg6 11. Bxg6 hxg6 12. Ne5 Nxe5 13. dxe5 Nd7 14. f4 Bc5 15. Rfe1 Bb4 16. Bc3 Bxc3 17. Qxc3 g5 18. Rad1 gxf4 19. exf4 Qb6+ 20. Kh1 a5 21. Ne4 a4 22. Nd6 axb3 23. axb3 Nc5 24. b4 Na4 25. Qd2 dxc4 26. Nxc4 Qa6 27. Nd6 b6 28. Qf2 c5 29. bxc5 bxc5 30. Ra1 Qc6 31. Rec1 Nb6 32. Rxa8 Rxa8 33. h3 c4 34. f5 exf5 35. Qxf5 Qd5 36. Rf1 c3 37. Nxf7 c2 38. Nh6+ Kh8 39. Nf7+ Kg8 40. Nh6+ Kh8 41. Nf7+ Kg8 1/2-1/2

[Event "Titled Tuesday intern op 27th Feb Late"]
[Site "Chess.com INT"]
[Date "2024.02.27"]
[Round "7"]
[White "Micic, Cedomir"]
[Black "Castillo Pena, Patricia Evarista"]
[Result "1-0"]
[WhiteElo "2364"]
[BlackElo "1786"]
[PlyCount "67"]
[EventDate "2024.02.27"]
[EventType "swiss (blitz)"]
[EventRounds "11"]
[EventCountry "USA"]
[SourceTitle "CB10_2024"]
[SourceDate "2024.03.06"]
[SourceVersion "1"]
[SourceVersionDate "2024.03.06"]
[SourceQuality "1"]

1. e4 c5 2. Nf3 d6 3. d4 cxd4 4. Nxd4 Nf6 5. Nc3 a6 6. f4 e5 7. Nf3 Nbd7 8. a4 Be7 9. Bc4 0-0 10. 0-0 exf4 11. Bxf4 Qb6+ 12. Kh1 Qxb2 13. Qd2 Qb6 14. Rad1 Nc5 15. Qd4 Qc7 16. e5 dxe5 17. Bxe5 Qc6 18. Nd5 Nxd5 19. Bxg7 Nf6 20. Bxf8 Kxf8 21. Ne5 Ne6 22. Nxc6 Nxd4 23. Nxd4 Bg4 24. Rde1 Rd8 25. Nf5 Bxf5 26. Rxf5 Rd2 27. Bd3 Ng4 28. Rf3 Bd6 29. h3 Ne5 30. Rfe3 Ng6 31. Bxg6 hxg6 32. Rd3 Rxd3 33. cxd3 f6 34. Rb1 1-0

[Event "Titled Tuesday intern op 14th Nov Early"]
[Site "Chess.com INT"]
[Date "2023.11.14"]
[Round "4"]
[White "Balla, Tamas Kristof"]
[Black "Castillo Pena, Patricia Evarista"]
[Result "0-1"]
[WhiteElo "2285"]
[BlackElo "1786"]
[PlyCount "132"]
[EventDate "2023.11.14"]
[EventType "swiss (blitz)"]
[EventRounds "11"]
[EventCountry "USA"]
[SourceTitle "CB47_2023"]
[SourceDate "2023.11.22"]
[SourceVersion "1"]
[SourceVersionDate "2023.11.22"]
[SourceQuality "1"]

1. e4 c5 2. c3 d5 3. exd5 Qxd5 4. d4 Nf6 5. Nf3 Bg4 6. Be3 cxd4 7. cxd4 Nc6 8. Nc3 Qd8 9. d5 Nb8 10. Be2 Nbd7 11. 0-0 e6 12. dxe6 Bxe6 13. Nd4 Be7 14. Nxe6 fxe6 15. Bc4 Kf7 16. Qb3 Nb6 17. Bxe6+ Kf8 18. Rfd1 Qc7 19. Rac1 Qe5 20. Bxb6 axb6 21. Qxb6 Ra6 22. Qxb7 Rxe6 23. Nb5 Qe4 24. Rc8+ Ne8 25. Qxe4 Rxe4 26. f3 Re2 27. Rd4 g5 28. f4 Rxb2 29. fxg5 Rxb5 30. g6 hxg6 31. Rd1 Rhh5 32. h3 Rhd5 33. Rf1+ Rf5 34. Re1 Rbe5 35. Ra1 Ra5 36. Rb1 Rfb5 37. Rf1+ Rf5 38. Rb1 Kf7 39. Rc2 Nf6 40. Re1 Rfe5 41. Rf1 Rac5 42. Rb2 Rb5 43. Rc2 Rec5 44. Re2 Re5 45. Rc2 Bc5+ 46. Kh1 Bd6 47. Rcf2 Rf5 48. Rxf5 Rxf5 49. Rd1 Ke6 50. Re1+ Be5 51. a4 Rf2 52. a5 Ra2 53. Rb1 Rxa5 54. Rb6+ Bd6 55. Kg1 Kd5 56. Rb1 Bc5+ 57. Kf1 Ne4 58. Rb8 Ra2 59. Rd8+ Bd6 60. Rg8 g5 61. h4 gxh4 62. Rg4 Kd4 63. Rxh4 Bg3 64. Rh8 Ke3 65. Ra8 Rxa8 66. Kg1 Ra1# 0-1

[Event "Titled Tuesday intern op 12th Sep Early"]
[Site "Chess.com INT"]
[Date "2023.09.12"]
[Round "3"]
[White "Castillo Pena, Patricia Evarista"]
[Black "Kotyk, Michael"]
[Result "0-1"]
[WhiteElo "1798"]
[BlackElo "2150"]
[PlyCount "48"]
[EventDate "2023.09.12"]
[EventType "swiss (blitz)"]
[EventRounds "11"]
[EventCountry "USA"]
[SourceTitle "EXT 2024"]
[Source "ChessBase"]
[SourceDate "2023.10.10"]
[SourceVersion "1"]
[SourceVersionDate "2023.10.10"]
[SourceQuality "1"]

1. d4 Na6 2. e4 c6 3. Nf3 d5 4. e5 Bg4 5. Be2 e6 6. h3 Bxf3 7. Bxf3 c5 8. c3 Ne7 9. 0-0 Nf5 10. Na3 Qb6 11. Qa4+ Qc6 12. Qb3 cxd4 13. Be2 Nc5 14. Qd1 d3 15. Bg4 g6 16. Bg5 h5 17. Bf3 Ne4 18. Bf6 Nxf6 19. exf6 Bxa3 20. bxa3 e5 21. Re1 e4 22. c4 Qxc4 23. Rc1 Qd4 24. Qb3 0-0 0-1

[Event "Titled Tuesday intern op 12th Sep Early"]
[Site "Chess.com INT"]
[Date "2023.09.12"]
[Round "4"]
[White "Fernandez Bustamante, Leancy B"]
[Black "Castillo Pena, Patricia Evarista"]
[Result "1/2-1/2"]
[WhiteElo "2059"]
[BlackElo "1798"]
[PlyCount "104"]
[EventDate "2023.09.12"]
[EventType "swiss (blitz)"]
[EventRounds "11"]
[EventCountry "USA"]
[SourceTitle "EXT 2024"]
[Source "ChessBase"]
[SourceDate "2023.10.10"]
[SourceVersion "1"]
[SourceVersionDate "2023.10.10"]
[SourceQuality "1"]

1. e4 c5 2. Nf3 d6 3. c3 Nf6 4. h3 Nc6 5. Bd3 e5 6. Bc2 Be7 7. 0-0 0-0 8. Re1 Qc7 9. d4 cxd4 10. cxd4 Bd7 11. Nc3 a6 12. Bg5 exd4 13. Nxd4 Nxd4 14. Qxd4 Be6 15. Rac1 Qa5 16. Bxf6 Bxf6 17. Qxd6 Rfd8 18. Qg3 Rac8 19. e5 Be7 20. a3 g6 21. Ne4 Rxc2 22. Nf6+ Bxf6 23. exf6 Rxc1 24. Rxc1 Qd2 25. Qc7 h5 26. Rc2 Qd1+ 27. Kh2 Qd6+ 28. Kg1 Qxc7 29. Rxc7 Rd1+ 30. Kh2 Bd5 31. Kg3 Rd2 32. Rc8+ Kh7 33. Rd8 g5 34. f3 Kg6 35. Rd6 h4+ 36. Kh2 Kf5 37. Kg1 Ke5 38. Rb6 Rc2 39. Kf1 Bc6 40. Rb4 Kxf6 41. f4 Bxg2+ 42. Kg1 Bxh3 43. fxg5+ Kxg5 44. a4 b5 45. axb5 axb5 46. b3 f5 47. Rd4 Bg4 48. b4 h3 49. Rd3 h2+ 50. Kh1 f4 51. Rd5+ Bf5 52. Rxf5+ Kxf5 1/2-1/2

[Event "Titled Tuesday intern op 05th Sep Early"]
[Site "Chess.com INT"]
[Date "2023.09.05"]
[Round "1"]
[White "Kozin, Yuri"]
[Black "Castillo Pena, Patricia Evarista"]
[Result "1-0"]
[WhiteElo "2251"]
[BlackElo "1798"]
[PlyCount "61"]
[EventDate "2023.09.05"]
[EventType "swiss (blitz)"]
[EventRounds "11"]
[EventCountry "USA"]
[SourceTitle "EXT 2024"]
[Source "ChessBase"]
[SourceDate "2023.10.10"]
[SourceVersion "1"]
[SourceVersionDate "2023.10.10"]
[SourceQuality "1"]

1. e4 c5 2. Nf3 d6 3. d4 cxd4 4. Nxd4 Nf6 5. Nc3 a6 6. Be3 e5 7. Nf3 Be7 8. Bc4 Be6 9. Bxe6 fxe6 10. 0-0 0-0 11. Na4 Nc6 12. Ng5 b5 13. Nb6 Rb8 14. Nxe6 Qe8 15. Nxf8 Bxf8 16. Nd5 Nxe4 17. Nc7 Qf7 18. Qd5 Qxd5 19. Nxd5 Nd4 20. Bxd4 exd4 21. Rfd1 Rc8 22. Rxd4 Ng5 23. c3 Ne6 24. Re4 Nc5 25. Ne7+ Bxe7 26. Rxe7 Nd3 27. Rb1 b4 28. cxb4 Rc2 29. Rd7 Nxf2 30. Rf1 Ng4 31. Rd8# 1-0

[Event "Titled Tuesday intern op 29th Aug Early"]
[Site "Chess.com INT"]
[Date "2023.08.29"]
[Round "1"]
[White "Castillo Pena, Patricia Evarista"]
[Black "Marcziter, Dmitrii"]
[Result "0-1"]
[WhiteElo "1798"]
[BlackElo "2228"]
[PlyCount "74"]
[EventDate "2023.08.29"]
[EventType "swiss (blitz)"]
[EventRounds "11"]
[EventCountry "USA"]
[SourceTitle "EXT 2024"]
[Source "ChessBase"]
[SourceDate "2023.10.10"]
[SourceVersion "1"]
[SourceVersionDate "2023.10.10"]
[SourceQuality "1"]

1. d4 Nf6 2. Nf3 g6 3. Nc3 d5 4. Bf4 Bg7 5. e3 Bf5 6. Bd3 Bxd3 7. Qxd3 c6 8. h3 Nbd7 9. 0-0 0-0 10. Ne5 Nxe5 11. Bxe5 Nd7 12. Bxg7 Kxg7 13. e4 e6 14. Rfe1 Re8 15. exd5 cxd5 16. Rac1 Rc8 17. Nb5 Qb6 18. c3 a6 19. Na3 Nf6 20. Nc2 Qxb2 21. Rb1 Qxc3 22. Qxc3 Rxc3 23. Ne3 b5 24. Rb4 Rec8 25. a4 Rc1 26. Rxc1 Rxc1+ 27. Kh2 bxa4 28. Rxa4 Rc6 29. f3 h5 30. Kg3 g5 31. Kf2 Ne8 32. Ke2 Nc7 33. Kd2 Nb5 34. Kd3 f6 35. Nc2 Rc3+ 36. Kd2 Rc6 37. Nb4 Rc4 0-1

[Event "Titled Tuesday intern op 22nd Aug Late"]
[Site "Chess.com INT"]
[Date "2023.08.22"]
[Round "2"]
[White "Balla, Tamas Kristof"]
[Black "Castillo Pena, Patricia Evarista"]
[Result "1-0"]
[WhiteElo "2303"]
[BlackElo "1798"]
[PlyCount "57"]
[EventDate "2023.08.22"]
[EventType "swiss (blitz)"]
[EventRounds "11"]
[EventCountry "USA"]
[SourceTitle "EXT 2024"]
[Source "ChessBase"]
[SourceDate "2023.10.10"]
[SourceVersion "1"]
[SourceVersionDate "2023.10.10"]
[SourceQuality "1"]

1. e4 c5 2. c3 d5 3. exd5 Qxd5 4. d4 Nf6 5. Nf3 Bg4 6. Be2 e6 7. Be3 cxd4 8. cxd4 Nc6 9. Nc3 Qd8 10. h3 Bh5 11. 0-0 Be7 12. Qb3 Qc8 13. Rad1 0-0 14. d5 exd5 15. Nxd5 Nxd5 16. Rxd5 Bg6 17. Rc1 Bf6 18. Rb5 Qe8 19. Bd3 Bxd3 20. Qxd3 Rd8 21. Qc2 Qd7 22. Bg5 Bxg5 23. Nxg5 g6 24. Ne4 f5 25. Nc5 Qd2 26. Qc4+ Kh8 27. Rxb7 Ne5 28. Qc3 Qc2 29. Qxc2 1-0

[Event "Titled Tuesday intern op 22nd Aug Late"]
[Site "Chess.com INT"]
[Date "2023.08.22"]
[Round "1"]
[White "Ballester Llagaria, Luis Eduardo"]
[Black "Castillo Pena, Patricia Evarista"]
[Result "1-0"]
[WhiteElo "2298"]
[BlackElo "1798"]
[PlyCount "69"]
[EventDate "2023.08.22"]
[EventType "swiss (blitz)"]
[EventRounds "11"]
[EventCountry "USA"]
[SourceTitle "EXT 2024"]
[Source "ChessBase"]
[SourceDate "2023.10.10"]
[SourceVersion "1"]
[SourceVersionDate "2023.10.10"]
[SourceQuality "1"]

1. e4 c5 2. Nc3 Nc6 3. Bb5 Nd4 4. Nf3 a6 5. Bd3 g6 6. 0-0 Bg7 7. Re1 d6 8. Nxd4 cxd4 9. Ne2 e5 10. c3 dxc3 11. dxc3 Ne7 12. Be3 0-0 13. c4 Bg4 14. f3 Be6 15. Nc3 Rc8 16. b3 Qa5 17. Qd2 Rfe8 18. Rac1 b5 19. cxb5 axb5 20. Nxb5 Qxd2 21. Bxd2 d5 22. Nc7 Red8 23. Bg5 Rd7 24. Bxe7 Rdxc7 25. Rxc7 Rxc7 26. exd5 Rxe7 27. dxe6 Rxe6 28. a4 Rb6 29. Bc4 Kf8 30. a5 Rb7 31. a6 Ra7 32. b4 f5 33. b5 Ke7 34. b6 Ra8 35. b7 1-0

[Event "Titled Tuesday intern op 22nd Aug Late"]
[Site "Chess.com INT"]
[Date "2023.08.22"]
[Round "7"]
[White "Castillo Pena, Patricia Evarista"]
[Black "Okike, David"]
[Result "1-0"]
[WhiteElo "1798"]
[BlackElo "2157"]
[PlyCount "41"]
[EventDate "2023.08.22"]
[EventType "swiss (blitz)"]
[EventRounds "11"]
[EventCountry "USA"]
[SourceTitle "EXT 2024"]
[Source "ChessBase"]
[SourceDate "2023.10.10"]
[SourceVersion "1"]
[SourceVersionDate "2023.10.10"]
[SourceQuality "1"]

1. d4 Nf6 2. Nf3 e6 3. e3 b6 4. Bd3 Bb7 5. 0-0 d5 6. Nbd2 Be7 7. b3 0-0 8. Bb2 Ne4 9. c4 Nd7 10. Qe2 f5 11. Rfd1 Rc8 12. Ne5 Nxe5 13. dxe5 c5 14. Nxe4 fxe4 15. Bxe4 Rc7 16. cxd5 exd5 17. Qh5 dxe4 18. Rxd8 Rxd8 19. Rd1 Rcd7 20. Rxd7 Rxd7 21. Qe8+ 1-0

[Event "Titled Tuesday intern op 08th Aug Early"]
[Site "Chess.com INT"]
[Date "2023.08.08"]
[Round "2"]
[White "Khromkin, Andrey"]
[Black "Castillo Pena, Patricia Evarista"]
[Result "1-0"]
[WhiteElo "2191"]
[BlackElo "1798"]
[PlyCount "101"]
[EventDate "2023.08.08"]
[EventType "swiss (blitz)"]
[EventRounds "11"]
[EventCountry "USA"]
[SourceTitle "EXT 2024"]
[Source "ChessBase"]
[SourceDate "2023.10.10"]
[SourceVersion "1"]
[SourceVersionDate "2023.10.10"]
[SourceQuality "1"]

1. d4 d5 2. c4 c6 3. Nf3 Nf6 4. Nc3 e6 5. Bg5 Be7 6. e3 Nbd7 7. Qc2 0-0 8. cxd5 exd5 9. Bd3 h6 10. Bf4 Re8 11. g4 Nf8 12. h3 Bb4 13. 0-0-0 Qa5 14. Kb1 Bxc3 15. Qxc3 Qxc3 16. bxc3 Ne4 17. Bxe4 dxe4 18. Ne5 Ne6 19. Bg3 Ng5 20. h4 Nf3 21. Nxf3 exf3 22. g5 hxg5 23. hxg5 Bf5+ 24. Kb2 Rad8 25. Rh2 c5 26. Rdh1 Kf8 27. dxc5 Rd2+ 28. Kc1 Red8 29. Bd6+ R8xd6 30. cxd6 Rxd6 31. Rh8+ Ke7 32. Rb8 Rb6 33. e4 Bxe4 34. Re1 Rb1+ 35. Kd2 Rxe1 36. Kxe1 f5 37. gxf6+ gxf6 38. Kd2 f5 39. Ke3 Kd6 40. Kd4 Kc6 41. Re8 a5 42. Rxe4 fxe4 43. Kxe4 Kc5 44. Kxf3 Kc4 45. Ke4 Kxc3 46. f4 Kb2 47. f5 Kxa2 48. f6 a4 49. f7 a3 50. f8Q Ka1 51. Qxa3+ 1-0

[Event "Titled Tuesday intern op 01st Aug Early"]
[Site "Chess.com INT"]
[Date "2023.08.01"]
[Round "4"]
[White "Castillo Pena, Patricia Evarista"]
[Black "Schut, Han"]
[Result "0-1"]
[WhiteElo "1798"]
[BlackElo "2091"]
[PlyCount "74"]
[EventDate "2023.08.01"]
[EventType "swiss (blitz)"]
[EventRounds "11"]
[EventCountry "USA"]
[SourceTitle "EXT 2024"]
[Source "ChessBase"]
[SourceDate "2023.10.10"]
[SourceVersion "1"]
[SourceVersionDate "2023.10.10"]
[SourceQuality "1"]

1. d4 Nf6 2. Nf3 g6 3. Nc3 d5 4. Bf4 Bg7 5. e3 0-0 6. Be2 c5 7. Ne5 cxd4 8. exd4 Nc6 9. 0-0 Bf5 10. g4 Be6 11. h3 Rc8 12. a3 Ne4 13. Nxc6 bxc6 14. Nxe4 dxe4 15. c4 Qxd4 16. Qxd4 Bxd4 17. Rab1 c5 18. Rfd1 Rfd8 19. Bg5 f6 20. Be3 Kf7 21. Kf1 h5 22. Kg2 h4 23. b3 Rb8 24. Kf1 f5 25. gxf5 Bxf5 26. Kg2 e5 27. Bg5 Rh8 28. Be3 Kf6 29. Rg1 g5 30. Bg4 Bxg4 31. hxg4 Bxe3 32. fxe3 Rbd8 33. Rgd1 Rd3 34. Kf2 Rhd8 35. Ke2 Rxd1 36. Rxd1 Rxd1 37. Kxd1 h3 0-1

[Event "Titled Tuesday intern op 25th Jul Early"]
[Site "Chess.com INT"]
[Date "2023.07.25"]
[Round "2"]
[White "Rangel, Daniel"]
[Black "Castillo Pena, Patricia Evarista"]
[Result "1-0"]
[WhiteElo "2199"]
[BlackElo "1783"]
[PlyCount "71"]
[EventDate "2023.07.25"]
[EventType "swiss (blitz)"]
[EventRounds "11"]
[EventCountry "USA"]
[SourceTitle "EXT 2024"]
[Source "ChessBase"]
[SourceDate "2023.10.10"]
[SourceVersion "1"]
[SourceVersionDate "2023.10.10"]
[SourceQuality "1"]

1. c4 c6 2. d4 d5 3. Nc3 Nf6 4. Bg5 e6 5. e3 Be7 6. Bd3 dxc4 7. Bxc4 b5 8. Bd3 Bb7 9. Nf3 Nbd7 10. 0-0 h6 11. Bh4 a6 12. a3 c5 13. Re1 0-0 14. e4 cxd4 15. Nxd4 Rc8 16. Bc2 Qc7 17. Bb3 Nc5 18. Ba2 Nfxe4 19. Nxe4 Nxe4 20. Bxe7 Qxe7 21. Qg4 Nf6 22. Qh3 Bd5 23. Nf5 Qc5 24. Nxh6+ gxh6 25. Qxh6 Bxa2 26. Qxf6 Qf5 27. Qxf5 exf5 28. Rxa2 Rc2 29. g3 Rd8 30. Re3 Rdd2 31. Rf3 Kg7 32. Rxf5 a5 33. Ra1 Rxb2 34. Re1 b4 35. axb4 axb4 36. Re7 1-0

[Event "Titled Tuesday intern op 18th Jul Early"]
[Site "Chess.com INT"]
[Date "2023.07.18"]
[Round "2"]
[White "Castillo Pena, Patricia Evarista"]
[Black "Mazurkiewicz, Michal"]
[Result "0-1"]
[WhiteElo "1783"]
[BlackElo "2145"]
[PlyCount "76"]
[EventDate "2023.07.18"]
[EventType "swiss (blitz)"]
[EventRounds "11"]
[EventCountry "USA"]
[SourceTitle "EXT 2024"]
[Source "ChessBase"]
[SourceDate "2023.10.10"]
[SourceVersion "1"]
[SourceVersionDate "2023.10.10"]
[SourceQuality "1"]

1. d4 Nf6 2. Nf3 g6 3. Nc3 d5 4. Bf4 Bg7 5. e3 0-0 6. Be2 Nh5 7. Bg5 h6 8. Bh4 g5 9. Bg3 c6 10. Ne5 Nxg3 11. hxg3 Nd7 12. Ng4 Kh7 13. Bd3+ f5 14. Nxh6 Bxh6 15. Qh5 Rf6 16. Bxf5+ Kg7 17. 0-0-0 Nf8 18. Bd3 Qd6 19. f4 g4 20. Kb1 Bd7 21. e4 dxe4 22. Nxe4 Qxd4 23. Nxf6 Qxf6 24. Rde1 Be6 25. f5 Bf7 26. Qxg4+ Qg5 27. Qxg5+ Bxg5 28. g4 Nh7 29. f6+ Nxf6 30. Rxe7 b5 31. Rc7 Nxg4 32. Rf1 Ne5 33. a3 Rf8 34. Be4 Kg8 35. Bxc6 Ba2+ 36. Kxa2 Rxf1 37. Bd5+ Kf8 38. Rxa7 Rf2 0-1

[Event "Titled Tuesday intern op 18th Jul Early"]
[Site "Chess.com INT"]
[Date "2023.07.18"]
[Round "1"]
[White "Castillo Pena, Patricia Evarista"]
[Black "Principe, Alexander"]
[Result "0-1"]
[WhiteElo "1783"]
[BlackElo "2295"]
[PlyCount "94"]
[EventDate "2023.07.18"]
[EventType "swiss (blitz)"]
[EventRounds "11"]
[EventCountry "USA"]
[SourceTitle "EXT 2024"]
[Source "ChessBase"]
[SourceDate "2023.10.10"]
[SourceVersion "1"]
[SourceVersionDate "2023.10.10"]
[SourceQuality "1"]

1. d4 Nf6 2. Nf3 g6 3. Nc3 d5 4. Bf4 c6 5. e3 Bf5 6. Ne5 Nbd7 7. Be2 Bg7 8. g4 Be6 9. h3 Qa5 10. Qd2 0-0 11. g5 Nxe5 12. gxf6 exf6 13. dxe5 fxe5 14. Bg3 d4 15. exd4 exd4 16. Ne4 Qf5 17. Nd6 Qd5 18. Rg1 b5 19. Nb7 a5 20. Nxa5 d3 21. Bxd3 Bxb2 22. Rb1 Bf6 23. Nb3 Rxa2 24. Be2 Qe4 25. Qe3 Qxc2 26. Rc1 Bc3+ 27. Kf1 Bxh3+ 28. Rg2 Bxg2+ 29. Kxg2 Qxe2 30. Qxe2 Rxe2 31. Rxc3 h5 32. Rxc6 Rfe8 33. Nd4 R2e4 34. Nxb5 Ra8 35. Nd6 Re6 36. Rc7 Rf6 37. Ne4 Rf5 38. Nd6 Rf6 39. Ne4 Rfa6 40. Ng5 R6a7 41. Rxa7 Rxa7 42. Ne4 Ra4 43. Nf6+ Kg7 44. Nd7 f6 45. Nc5 Rc4 46. Ne6+ Kf7 47. Nf4 h4 0-1

[Event "Titled Tuesday intern op 18th Jul Early"]
[Site "Chess.com INT"]
[Date "2023.07.18"]
[Round "9"]
[White "Castillo Pena, Patricia Evarista"]
[Black "Travadon, Loic"]
[Result "1-0"]
[WhiteElo "1783"]
[BlackElo "2463"]
[PlyCount "103"]
[EventDate "2023.07.18"]
[EventType "swiss (blitz)"]
[EventRounds "11"]
[EventCountry "USA"]
[SourceTitle "EXT 2024"]
[Source "ChessBase"]
[SourceDate "2023.10.10"]
[SourceVersion "1"]
[SourceVersionDate "2023.10.10"]
[SourceQuality "1"]

1. d4 d5 2. Nf3 Nf6 3. e3 c5 4. Bd3 Nc6 5. b3 cxd4 6. exd4 e6 7. Bb2 Bd6 8. 0-0 0-0 9. Nbd2 b6 10. Ne5 Bb7 11. a3 Qc7 12. Qe2 Ne7 13. c4 Nf5 14. Rac1 Qe7 15. c5 bxc5 16. dxc5 Bxc5 17. b4 Bd6 18. Ng4 d4 19. Bxf5 exf5 20. Qxe7 Bxe7 21. Ne5 Ba6 22. Rfe1 Bd6 23. Nec4 Bxc4 24. Nxc4 Ne4 25. Nxd6 Nxd6 26. Bxd4 Nb5 27. Bc5 Nxa3 28. Bxf8 Rxf8 29. Rc7 a6 30. Ra7 Nc2 31. Rb1 Rd8 32. h4 g6 33. Rxa6 Rd4 34. b5 Nb4 35. Ra8+ Kg7 36. b6 Nc6 37. b7 Rxh4 38. b8Q Nxb8 39. Raxb8 Re4 40. R8b7 h5 41. g3 h4 42. Kg2 hxg3 43. fxg3 f4 44. gxf4 Rxf4 45. Rf1 Rxf1 46. Kxf1 Kf6 47. Kf2 Ke6 48. Kf3 g5 49. Kg4 f6 50. Rb6+ Ke7 51. Kf5 g4 52. Rxf6 1-0

[Event "Titled Tuesday intern op 18th Jul Early"]
[Site "Chess.com INT"]
[Date "2023.07.18"]
[Round "7"]
[White "Mishra, Manoj"]
[Black "Castillo Pena, Patricia Evarista"]
[Result "1/2-1/2"]
[WhiteElo "1902"]
[BlackElo "1783"]
[PlyCount "48"]
[EventDate "2023.07.18"]
[EventType "swiss (blitz)"]
[EventRounds "11"]
[EventCountry "USA"]
[SourceTitle "EXT 2024"]
[Source "ChessBase"]
[SourceDate "2023.10.10"]
[SourceVersion "1"]
[SourceVersionDate "2023.10.10"]
[SourceQuality "1"]

1. d4 d5 2. c4 c6 3. Nc3 Nf6 4. Bf4 e6 5. e3 Bd6 6. c5 Bxf4 7. exf4 b6 8. b4 a5 9. a3 Nbd7 10. Nf3 0-0 11. Bd3 Ba6 12. 0-0 Bxd3 13. Qxd3 Qc7 14. g3 Rfb8 15. Rfc1 bxc5 16. bxc5 Rb3 17. Nxd5 Rxd3 18. Nxc7 Rc8 19. Ne1 Rxd4 20. Na6 Ra8 21. Nf3 Rd3 22. Ne1 Rd4 23. Nf3 Rd3 24. Ne1 Rd4 1/2-1/2

[Event "Titled Tuesday intern op 11th Jul Early"]
[Site "Chess.com INT"]
[Date "2023.07.11"]
[Round "5"]
[White "Ionescu, Mihai"]
[Black "Castillo Pena, Patricia Evarista"]
[Result "1-0"]
[WhiteElo "2244"]
[BlackElo "1783"]
[PlyCount "77"]
[EventDate "2023.07.11"]
[EventType "swiss (blitz)"]
[EventRounds "11"]
[EventCountry "USA"]
[SourceTitle "EXT 2024"]
[Source "ChessBase"]
[SourceDate "2023.10.10"]
[SourceVersion "1"]
[SourceVersionDate "2023.10.10"]
[SourceQuality "1"]

1. Nf3 d5 2. g3 Nf6 3. Bg2 c6 4. 0-0 e6 5. d4 Nbd7 6. c4 Be7 7. Qc2 0-0 8. Rd1 b6 9. Bf4 Bb7 10. Nc3 a6 11. Nd2 Rc8 12. e4 dxe4 13. Ndxe4 Ba8 14. Rd2 Nxe4 15. Nxe4 Nf6 16. Rad1 Bb4 17. Rd3 Nxe4 18. Bxe4 g6 19. a3 Bd6 20. Qd2 Qc7 21. Bh6 Rfd8 22. Bg5 Be7 23. h4 Bxg5 24. Qxg5 Kg7 25. h5 h6 26. Qd2 g5 27. Qc3 Kg8 28. R3d2 Qe7 29. Bb1 Qf6 30. Qc2 Qg7 31. b4 c5 32. d5 exd5 33. cxd5 cxb4 34. Qb3 bxa3 35. Qxb6 Rb8 36. Qxa6 Rxb1 37. Rxb1 Bxd5 38. Qxa3 Be4 39. Rxd8+ 1-0

[Event "Titled Tuesday intern op 20th Jun Early"]
[Site "Chess.com INT"]
[Date "2023.06.20"]
[Round "6"]
[White "Calderin Gonzalez, Roberto"]
[Black "Castillo Pena, Patricia Evarista"]
[Result "1/2-1/2"]
[WhiteElo "2413"]
[BlackElo "1783"]
[PlyCount "94"]
[EventDate "2023.06.20"]
[EventType "swiss (blitz)"]
[EventRounds "11"]
[EventCountry "USA"]
[SourceTitle "EXT 2024"]
[Source "ChessBase"]
[SourceDate "2023.10.10"]
[SourceVersion "1"]
[SourceVersionDate "2023.10.10"]
[SourceQuality "1"]

1. e4 c5 2. Nc3 Nc6 3. g3 d6 4. Bg2 g6 5. Nge2 Bg7 6. 0-0 Nf6 7. d3 Rb8 8. h3 b5 9. f4 Bd7 10. g4 b4 11. Nb1 0-0 12. Ng3 a5 13. f5 Nd4 14. Be3 a4 15. a3 b3 16. Bxd4 bxc2 17. Qxc2 cxd4 18. Nd2 Bb5 19. Nc4 d5 20. exd5 Nxd5 21. Ne4 Bxc4 22. fxg6 hxg6 23. Qxc4 Ne3 24. Qa2 Nxf1 25. Rxf1 Qb6 26. Ng5 Qxb2 27. Qc4 Qb5 28. Bd5 Qxc4 29. Bxc4 e6 30. Nxf7 Rxf7 31. Bxe6 Rbf8 32. Kg2 Be5 33. h4 Kg7 34. Bxf7 Rxf7 35. Rxf7+ Kxf7 36. Kf3 Kf6 37. Ke4 Ke6 38. h5 gxh5 39. gxh5 Bg7 40. h6 Bxh6 41. Kxd4 Bc1 42. Kc4 Bxa3 43. Kb5 Bb2 44. Kxa4 Kd5 45. Kb3 Bd4 46. Kc2 Kc5 47. Kb3 Be3 1/2-1/2